National Animals of Countries - Statistics

General Stats
  • This quiz has been taken 1,128 times
    1,111 since last reset
  • The average score is 6 of 15
Answer Stats
Hint Answer % Correct
Australia Kangaroo, emu
84%
New Zealand Kiwi
70%
United states Bald eagle
68%
Netherlands (Holland) Lion, Cow, House Sparrow
66%
Luxembourg Lion
61%
Scotland Unicorn, red lion
49%
Canada Beaver
45%
France Gallic Rooster
37%
Nepal Cow
27%
Sweden Elk
20%
Somalia Leopard
18%
Albania Golden Eagle
16%
Germany Golden Eagle
16%
Iceland Falcon
15%
Lithuania White stork
4%
No matching quizzes found
Score Distribution
Percent of People with Each Score
Percentile by Number Answered
Your Score History
You have not taken this quiz since the last reset